Statistiken für Torschützenkönige in der Geschichte von Hannover 96

Klicken Sie hier um das Quiz zu spielen!

Allgemein

  • Dieses Quiz wurde 8 mal gespielt
  • Das Durchschnittsergebnis liegt bei 2 aus 12

Antwortstatistiken

ToreNationalitätSpieler% Korrekt
138DeutschlandDieter Schatzschneider
75%
94DeutschlandHans Siemensmeyer
63%
81DeutschlandSiegfried Reich
25%
63DeutschlandFred Heiser
13%
63DeutschlandWalter Rodekamp
13%
52DeutschlandErich Loth
0%
52DeutschlandFrank Hartmann
0%
73DeutschlandGeorg Kellermann
0%
106DeutschlandHans Tkotz
0%
107DeutschlandHeinz Wewetzer
0%
53DeutschlandPeter Hayduk
0%
52DeutschlandWilli Reimann
0%

Verteilung der Resultate

Perzentil nach korrekt beantworteten Fragen

Anzahl Personen mit jedem Resultat

Ihre Resultats-Entwicklung

Sie haben dieses Quiz noch nicht gespielt